[Event "Rhein Main op-B 21st"]
[Site "Bad Homburg"]
[Date "2018.05.30"]
[Round "1"]
[White "Krischak, Werner"]
[Black "Heiming, Cornelius"]
[Result "1-0"]
[WhiteElo "1700"]
[BlackElo "1026"]
[PlyCount "79"]
[EventDate "2018.05.30"]
[EventType "swiss"]
[EventRounds "7"]
[EventCountry "GER"]
[SourceTitle "EXT 2019"]
[Source "ChessBase"]
[SourceDate "2018.10.10"]
[SourceVersion "1"]
[SourceVersionDate "2018.10.10"]
[SourceQuality "1"]

1. d4 d5 2. c4 e6 3. Nc3 Nf6 4. cxd5 exd5 5. Bg5 Bb4 6. e3 Bf5 7. Nf3 0-0 8. Bd3 Bxd3 9. Qxd3 a6 10. 0-0 Nbd7 11. Nxd5 Be7 12. Nxe7+ Qxe7 13. Rfe1 Qd6 14. Qb3 b6 15. Bf4 Qc6 16. Rac1 Qd5 17. Rxc7 Qxb3 18. axb3 Rac8 19. Rec1 Rcd8 20. Ra7 a5 21. Rcc7 Rfe8 22. h3 Re7 23. Ne5 Nxe5 24. Rxe7 Nc6 25. Rxf7 Nxa7 26. Rxa7 Rc8 27. Rc7 Ra8 28. Be5 b5 29. Bxf6 gxf6 30. d5 Kf8 31. Rxh7 Ra6 32. e4 Rd6 33. Kf1 f5 34. f3 fxe4 35. fxe4 Rf6+ 36. Ke2 Kg8 37. Rb7 b4 38. Ke3 Rf8 39. e5 Re8 40. Ke4 1-0